Dinosaurs
| Main Author: | |
|---|---|
| Format: | Book |
| Published: |
Cologne :
Schwager & Steinlein verlag GmbH ,
20--
|
| Subjects: |
MARC
| LEADER | 00000cam a2200000 7i4500 | ||
|---|---|---|---|
| 001 | 0000173691 | ||
| 005 | 20131119.0 | ||
| 020 | |a 9783862331031 | ||
| 090 | 0 | 0 | |a 500 |b MAU |
| 100 | 1 | |a Maurer, Lisa | |
| 245 | 0 | 0 | |a Dinosaurs |c Lisa Maurer |
| 260 | |a Cologne : |b Schwager & Steinlein verlag GmbH , |c 20-- | ||
| 300 | |a p.v. : |b ill. ; |c 23cm. | ||
| 500 | |a Play & Learn Library | ||
| 650 | 0 | 0 | |a Dinosaurs |x Juvenile literature |
| 999 | |a 00283735 |b BUKU |c JUNIOR REFERENCE |e PERPUSTAKAAN KOMUNITI PETALING JAYA | ||